Detection of events in audio signals
Gespeichert in:
| 1. Verfasser: | |
|---|---|
| Weitere Verfasser: | |
| Format: | Manuskript Buch |
| Sprache: | Slowakisch Englisch |
| Veröffentlicht: |
Bratislava :
STU v Bratislave FEI,
2021
|
| Schlagworte: | |
| Online-Zugang: | https://opac.crzp.sk/?fn=detailBiblioForm&sid=1D055279E2D1258CB57A2D1E7F1A&seo=CRZP-detail-kniha |
| Tags: |
Keine Tags, Fügen Sie das erste Tag hinzu!
|
MARC
| LEADER | 00000ntm a22000003a 4500 | ||
|---|---|---|---|
| 001 | stuzp82504 | ||
| 003 | SK-STU | ||
| 005 | 20211215094452.3 | ||
| 007 | ta | ||
| 008 | 150427s2015----xo-----f-mn---000-0-slo-d | ||
| 040 | |a STU |b slo | ||
| 041 | 0 | |a eng | |
| 044 | |a xo | ||
| 100 | 1 | |a Szalay, Igor |u 037000 |4 aut |U FEI Fakulta elektrotechniky a informatiky |T FEI Ústav multimediálnych informačných a komunikačných technológií |X 79761 |U E070 |Y 818 |7 79761 | |
| 242 | 0 | 1 | |a Detekcia udalostí v audio signáloch |y slo |
| 245 | 1 | 0 | |a Detection of events in audio signals |
| 260 | |a Bratislava : |b STU v Bratislave FEI, |c 2021 | ||
| 300 | |a 58 s., príl. | ||
| 650 | 4 | |a detekcia zvukových udalostí |2 slo | |
| 650 | 4 | |a keras |2 slo | |
| 650 | 4 | |a neurónová sieť |2 slo | |
| 650 | 4 | |a LSTM |2 slo | |
| 650 | 4 | |a python |2 slo | |
| 650 | 4 | |a python |2 eng | |
| 650 | 4 | |a sound event detection |2 eng | |
| 650 | 4 | |a neural network |2 eng | |
| 650 | 4 | |a LSTM |2 eng | |
| 650 | 4 | |a keras |2 eng | |
| 700 | 1 | |a Kačur, Juraj |u 037000 |k Z1 |4 ths |U FEI Fakulta elektrotechniky a informatiky |T FEI Ústav multimediálnych informačných a komunikačných technológií |X 1861 |U E070 |Y 818 |7 A000001861 | |
| 856 | 4 | |u https://opac.crzp.sk/?fn=detailBiblioForm&sid=1D055279E2D1258CB57A2D1E7F1A&seo=CRZP-detail-kniha | |